000 01557nam a22004457a 4500
001 000095091
003 CHAP
005 20221026110020.0
008 060117d2005 mx r 00110 spa d
010 _a91557
011 _a92529
035 _a103094
040 _cCHAP
090 _aTesis
100 1 _aGonzález Pérez, Emigdio R.
_949288
245 1 0 _aAsesoría y capacitación administrativa en el fondo indígena "Las Margaritas. PIFS, S.C. /
_cpor Emigdio R. González Pérez.
260 _aChapingo, Méx.:
_bEl autor,
_c2005
300 _a128 h.
502 _aTesis (Lic. en Administración de Empresas Agropecuarias) -- UACH. División de Ciencias Económico Administrativas
590 _aALEPH
_b10
_c20130110
590 _aBATCH-UPD
_b10
_c20130110
590 _aBATCH-UPD
_b10
_c20130410
590 _aBATCH-UPD
_b10
_c20130913
590 _aBATCH-UPD
_b10
_c20140324
590 _aBATCH-UPD
_b10
_c20141002
590 _aCONVERSION
_b10
_c20130109
590 _aE792CSJ
_b10
_c20130613
650 1 4 _aAdministración.
_9918
650 1 4 _aAgricultura
_xSociedades.
_91797
650 1 4 _aAsesoría.
_97894
650 1 4 _aCapacitación.
_918690
650 1 4 _aContabilidad.
_927421
650 1 4 _aOrganización de productores.
_983544
856 _3Finding aid
_uhttp://10.13.5.2/tesis/103094.pdf
_zTeclea aquí
901 _aBK
942 _cCD
_2ddc
942 _n0
_2ddc
949 _aTesis
_bBC
_cTES
_d00000001030941
_eTS1
_gDonaciØn
_h44142
_i103094
_sb
949 _aTesis
_bBC
_cTES
_d33724000968939
_eTS2
_fc.2
_gDonaciØn
_h44143
_i103094
_sb
999 _c91557
_d91557